000 00224nam a22000857a 4500
008 160711b xxu||||| |||| 00| 0 eng d
100 _92586
_aJauhar S.P
245 _aABC of Chemistry
260 _aNew Delhi
_bModern Publication
_c2009
999 _c2249
_d2249